| 000 | 00375nam a22001457a 4500 | ||
|---|---|---|---|
| 082 |
_a823 _bSTI/S |
||
| 100 | _aSTINE, R L | ||
| 245 | _aGOOSEBUMPS- SAY CHEESE AND DIE | ||
| 246 |
_aGOOSEBUMPS- SAY CHEESE AND DIE _bGOOSEBUMPS- SAY CHEESE AND DIE |
||
| 260 |
_aLONDON _bSCHOLASTIC _c1993 |
||
| 300 | _a136 | ||
| 520 | _aMYSTERY STORY | ||
| 650 | _aENGLISH FICTION | ||
| 942 | _cBK | ||
| 999 |
_c8701 _d8701 |
||